000
00326nam a2200133Ia 4500
008
100328s9999 xx 000 0 und d
082
_b
35084
100
_a
भेण्डे सुभाष
245
_a
अदेशी
260
_b
हंस
630
_a
अदेशी
730
_a
अदेशी
942
_c
BOOK
999
_c
525084
_d
525081